• 首页
  • 本馆介绍
  • 公告通知
  • 最新文献
  • 馆藏检索
  • 电子资源
  • 读者导购
  • 参考咨询
  • 我的图书馆
  • 登录
  • 详细信息显示
  • 放入我的书架
  • 预约/预借图书
  • 作者相关作品
  • 分类相关作品
  • 丛书相关作品
  • 出版社相关作品

书目信息

  • 表格格式
  • 工作单格式
  • 卡片格式
题名:
马克思主义科技观在中国的承续研究
    
 
作者: 杨莉 , 吴宗铖, 著
分册:  
出版信息: 北京   九州出版社  2022.01
页数: 249页
开本: 24cm
丛书名: 马克思主义理论研究文库
单 册:
中图分类: A811.693
科图分类:
主题词: 马克思主义--ma ke si zhu yi--科学技术--理论研究--中国
电子资源:
ISBN: 978-7-5225-0627-2
000 01571nam 2200301 450
001 CAL 012022019833
005 20230217093111.0
010    @a978-7-5225-0627-2@dCNY72.00
099    @aCAL 012022019833
100    @a20220221d2022 em y0chiy0120 ea
101 0  @achi
102    @aCN@b110000
105    @ay a 000yy
106    @ar
200 1  @a马克思主义科技观在中国的承续研究@Ama ke si zhu yi ke ji guan zai zhong guo de cheng xu yan jiu@f杨莉, 吴宗铖著
210    @a北京@c九州出版社@d2022.01
215    @a249页@d24cm
225 2  @a马克思主义理论研究文库@Ama ke si zhu yi li lun yan jiu wen ku
314    @a杨莉, 籍贯云南, 教授, 硕士生导师, 中国自然辩证法研究会理事, 甘肃省自然辩证法研究会理事长, 中国自然辩证法研究会“科技文化与现代化”专业委员会副理事长。吴宗铖, 男, 汉族, 1965年2月生, 中共党员, 副教授。
320    @a有书目 (第239-246页)
330    @a本书按照马克思主义科技观历史发展的自然脉络, 对几代中国共产党人在科学技术工作这一方面的创新与探索进行全面深入的研究。从20世纪50年代“向科技进军”口号的提出, 到2017年党的十九大报告明确提出“加快建设创新型国家”的战略要求, 结合当时的时代追求思想的演变与体系建构, 展示中国特色的科技创新思想体系形成全过程, 分析每个时期科学技术创新的现实意义。科技创新思想一脉相承, 适应时代需要, 引领时代发展, 永为“第一生产力”。
410  0 @12001 @a马克思主义理论研究文库
606 0  @a马克思主义@Ama ke si zhu yi@x科学技术@x理论研究@y中国
690    @aA811.693@v5
701  0 @a杨莉@Ayang li@4著
701  0 @a吴宗铖,@Awu zong cheng@f1965-@4著
801  0 @aCN@bBJXHZP@c20230228
905    @b1406012-6@dA811.693@e447@f5
    
    马克思主义科技观在中国的承续研究/杨莉, 吴宗铖著.-北京:九州出版社,2022.01
    249页;24cm.-(马克思主义理论研究文库)
    
    
    ISBN 978-7-5225-0627-2:CNY72.00
    本书按照马克思主义科技观历史发展的自然脉络, 对几代中国共产党人在科学技术工作这一方面的创新与探索进行全面深入的研究。从20世纪50年代“向科技进军”口号的提出, 到2017年党的十九大报告明确提出“加快建设创新型国家”的战略要求, 结合当时的时代追求思想的演变与体系建构, 展示中国特色的科技创新思想体系形成全过程, 分析每个时期科学技术创新的现实意义。科技创新思想一脉相承, 适应时代需要, 引领时代发展, 永为“第一生产力”。
●
相关链接 在E读中查询图书 在五车中查询图书 在当当中查询图书 在豆瓣中查询图书


正题名:马克思主义科技观在中国的承续研究     索取号:A811.693/447         预约/预借

序号 登录号 条形码 馆藏地/架位号 状态 备注
1 1406012   214060120   第一样本阅览室/ [索取号:A811.693/447] 在馆    
2 1406013   214060139   第一借阅区/ [索取号:A811.693/447] 在馆    
3 1406014   214060148   第一借阅区/ [索取号:A811.693/447] 在馆    
4 1406015   214060157   第一借阅区/ [索取号:A811.693/447] 在馆    
5 1406016   214060166   第一借阅区/ [索取号:A811.693/447] 在馆    
唐山师范学院图书馆 欢迎您!
大连网信软件有限公司© 版权所有